| 000 | 00930nam a2200289 a 4500 | ||
|---|---|---|---|
| 008 | |||
| 020 | _a1779220472 (pbk.) | ||
| 049 | _aMAIN | ||
| 090 |
_aHD992 _bHUG |
||
| 100 | 1 | _aHughes, David McDermott. | |
| 245 | 1 | 0 |
_aFrom enslavement to environmentalism : _bpolitics on a Southern African frontier / _cDavid McDermott Hughes. |
| 260 |
_aLondon : _bUniversity of Washington Press, _c2006. |
||
| 300 |
_axvii, 285 p. : _bill. ; _c23 cm. |
||
| 504 | _aIncludes bibliograhical references. | ||
| 500 | _aInclude index. | ||
| 650 | 1 |
_aLand use _zZimababwe. |
|
| 650 |
_aGogoi _zColonisation. |
||
| 650 |
_aVhimba _zColonisation. |
||
| 650 |
_aLand Tenure _zMozambique. |
||
| 650 |
_aLand Use _zMozambique. |
||
| 650 |
_aLand Tenure _zZimbabwe. |
||
| 907 |
_a.b10259892 _b14-09-09 _c03-02-09 |
||
| 003 | |||
| 005 | 20230123124928.0 | ||
| 040 | _cNUST | ||
| 942 |
_cBOOKS _kHD992 _mHUG |
||
| 999 |
_c132732 _d132732 |
||